01766pab a2200181 454500008004000000100002500040245009700065260000900162300001300171362000800184520117700192650002901369650002001398773003501418909001001453999001701463952010401480180718b2001 xxu||||| |||| 00| 0 eng d aFosu, Augustin Kwasi aEconomic fluctuations and growth in sub-saharan Africa: the importance of import instability c2001 ap.71-84. aFeb aThe traditional thesis that export instability (XI) is deleterious to economic growth in developing economies has received mixed empirical results. For African countries, recent reseach suggests that the effect of XI is weak, but that capital (investment) instability (K1) adversely influences economic growth. The current study argues that in many of these nations, imports are likely to be critical to the growth process, while exports represent only one of the various sources of investment resources. Hence, import instability (MI) may pose a more serious problem that X in hindering economic growth. Employing 1968-86 World Bank data for 33 sub-Saharan Afican countries, XI, K1 and MI variables are calculated for each country as the standard errors around the respective `best-fitted' trends over the sample period. These instability measures and additional Wold Bank data are then used to estimate an augmented production function that controls for the effects of labour, capital, and exports. The study finds that although K1 is still a relevant argument of the production function, M1 appears to be even more important, while X1 is extraneous. - Reproduced. aEconomic growth - Africa aEconomic growth aJournal of Development Studies a52610 c52610d52610 00104070aIIPAbIIPAd2018-07-19hVolume no: 37, Issue no: 3pAR53040r2018-07-19w2018-07-19yAR